[Event "SVK GPX U11"]
[Site "Kremnica"]
[Date "2025.06.21"]
[Round "9"]
[White "Spisiak, Martin"]
[Black "Kristof, Simon"]
[Result "1/2-1/2"]
[WhiteElo "1478"]
[BlackElo "1717"]
[PlyCount "147"]
[EventDate "2025.06.21"]
[EventType "tourn (rapid)"]
[EventRounds "9"]
[EventCountry "SVK"]
[SourceTitle "CB26_2025"]
[SourceDate "2025.06.25"]
[SourceVersion "1"]
[SourceVersionDate "2025.06.25"]
[SourceQuality "1"]

1. e4 Nf6 2. Nc3 e5 3. Nf3 Nc6 4. Bc4 Nxe4 5. Nxe4 d5 6. Bxd5 Qxd5 7. Nc3 Qd8 8. 0-0 Bg4 9. d3 Nd4 10. Re1 Nxf3+ 11. gxf3 Be6 12. Rxe5 Bd6 13. Bg5 Qd7 14. Re1 h6 15. Bd2 0-0-0 16. Ne4 Be7 17. Kf1 Bh3+ 18. Ke2 f5 19. Nc3 Bc5 20. Be3 Rhe8 21. Kd2 Bd6 22. Kc1 f4 23. Bd2 g5 24. Rxe8 Rxe8 25. Nd5 Be5 26. Nc3 Bd4 27. Ne4 Bf5 28. Qf1 Bxe4 29. dxe4 Bxb2+ 30. Kxb2 Qxd2 31. Qd1 Rd8 32. Qxd2 Rxd2 33. Rf1 Kd7 34. Kc3 Rd6 35. Kb2 Ke6 36. Kc1 Ke5 37. Re1 Ra6 38. Kb2 Rd6 39. Kc1 h5 40. Rd1 g4 41. Rxd6 cxd6 42. fxg4 hxg4 43. Kd2 Kxe4 44. Ke1 Kf3 45. Kf1 d5 46. c3 a6 47. a4 a5 48. Kg1 g3 49. fxg3 fxg3 50. h3 g2 51. h4 Kg4 52. Kxg2 Kxh4 53. Kf2 Kg4 54. Ke3 Kf5 55. Kd4 Ke6 56. Kc5 Ke5 57. Kb6 Ke4 58. Kxa5 Kd3 59. Kb4 b6 60. Kb5 Kxc3 61. Kxb6 d4 62. a5 d3 63. a6 d2 64. a7 d1Q 65. a8Q Qd4+ 66. Kb7 Qe4+ 67. Kb8 Qe8+ 68. Kb7 Qd7+ 69. Kb8 Qd6+ 70. Kb7 Qb4+ 71. Kc8 Qc5+ 72. Kb8 Qf8+ 73. Ka7 Qxa8+ 74. Kxa8 1/2-1/2

[Event "SVK GPX U11"]
[Site "Kremnica"]
[Date "2025.06.21"]
[Round "2"]
[White "Spisiak, Martin"]
[Black "Kucak, Matus"]
[Result "0-1"]
[WhiteElo "1478"]
[BlackElo "1576"]
[PlyCount "96"]
[EventDate "2025.06.21"]
[EventType "tourn (rapid)"]
[EventRounds "9"]
[EventCountry "SVK"]
[SourceTitle "CB26_2025"]
[SourceDate "2025.06.25"]
[SourceVersion "1"]
[SourceVersionDate "2025.06.25"]
[SourceQuality "1"]

1. e4 e5 2. Nf3 Nc6 3. Bc4 Bc5 4. Nc3 Nf6 5. d3 d6 6. 0-0 Bg4 7. h3 Bh5 8. Be3 Bd4 9. Bxd4 Nxd4 10. Nd5 Nxd5 11. Bxd5 Bxf3 12. gxf3 Qg5+ 13. Kh1 Qh4 14. Kh2 Qf4+ 15. Kg2 c6 16. c3 Nxf3 17. Qxf3 Qxf3+ 18. Kxf3 cxd5 19. exd5 g6 20. d4 f6 21. dxe5 fxe5 22. Ke2 Rf8 23. b3 Rc8 24. c4 Rf4 25. Ke3 Rh4 26. Rh1 Ke7 27. Raf1 Rf8 28. Rfg1 Rhf4 29. Rh2 Rf3+ 30. Ke2 Rc3 31. Kd2 Rff3 32. Rc1 Rcd3+ 33. Ke2 Rxh3 34. Rxh3 Rxh3 35. Rc2 h5 36. Kf1 g5 37. Kg2 g4 38. Kg1 Rf3 39. Kg2 h4 40. Kg1 h3 41. Kh2 b6 42. b4 Kf6 43. c5 bxc5 44. bxc5 dxc5 45. Rxc5 Rxf2+ 46. Kh1 g3 47. Rc6+ Kf5 48. Rc8 Rf1# 0-1

[Event "SVK GPX U11"]
[Site "Kremnica"]
[Date "2025.06.21"]
[Round "7"]
[White "Spisiak, Martin"]
[Black "Varga, Viktor"]
[Result "0-1"]
[WhiteElo "1478"]
[BlackElo "1486"]
[PlyCount "92"]
[EventDate "2025.06.21"]
[EventType "tourn (rapid)"]
[EventRounds "9"]
[EventCountry "SVK"]
[SourceTitle "CB26_2025"]
[SourceDate "2025.06.25"]
[SourceVersion "1"]
[SourceVersionDate "2025.06.25"]
[SourceQuality "1"]

1. e4 c5 2. Nf3 Nc6 3. Nc3 g6 4. Bb5 d6 5. 0-0 Nf6 6. d3 Bg7 7. Bd2 0-0 8. Qc1 a6 9. Bxc6 bxc6 10. Bh6 Bg4 11. Bxg7 Kxg7 12. Qe3 Rb8 13. Rab1 Bxf3 14. Qxf3 e6 15. e5 dxe5 16. Qxc6 Qb6 17. Qxb6 Rxb6 18. Rfe1 Nd7 19. a3 f5 20. b4 cxb4 21. Rxb4 Rxb4 22. Rb1 Rxb1+ 23. Nxb1 Rb8 24. Nc3 Rc8 25. Nd1 Rxc2 26. Kf1 Nc5 27. Ke1 Nxd3+ 28. Kf1 Nb2 29. Nxb2 Rxb2 30. Ke1 Ra2 31. Kd1 Rxa3 32. Kc2 a5 33. Kb2 Rd3 34. Kc2 Rd4 35. Kc3 a4 36. g3 a3 37. Kb3 Rd3+ 38. Ka2 e4 39. h4 e3 40. fxe3 Rxe3 41. g4 f4 42. h5 gxh5 43. gxh5 f3 44. h6+ Kxh6 45. Kb1 Re2 46. Kc1 a2 0-1

[Event "SVK-ch U08"]
[Site "Tatralandia"]
[Date "2024.04.08"]
[Round "5"]
[White "Mendel, Marko"]
[Black "Spisiak, Martin"]
[Result "1-0"]
[WhiteElo "1107"]
[BlackElo "1136"]
[PlyCount "115"]
[EventDate "2024.04.05"]
[EventType "swiss"]
[EventRounds "9"]
[EventCountry "SVK"]
[SourceTitle "CBM 219 Extra"]
[Source "ChessBase"]
[SourceDate "2024.05.31"]
[SourceVersion "1"]
[SourceVersionDate "2024.05.31"]
[SourceQuality "1"]

1. d4 g6 2. g3 Bg7 3. Bg2 d6 4. Bf4 Nf6 5. Nc3 0-0 6. Nf3 Bf5 7. 0-0 Nc6 8. e3 Nb4 9. Ne1 b6 10. Bxa8 Qxa8 11. Qf3 Qxf3 12. Nxf3 Nxc2 13. Rac1 Bg4 14. Rxc2 Bxf3 15. Nb5 Nd5 16. Rcc1 Nxf4 17. exf4 a6 18. Nxc7 Bxd4 19. Nxa6 Bxb2 20. Rb1 Be2 21. Rxb2 Bxa6 22. Re1 Rc8 23. Rxb6 Bc4 24. Rc1 d5 25. Rb4 Ra8 26. a4 Be2 27. Ra1 Bf3 28. a5 Rd8 29. a6 d4 30. a7 d3 31. Rb8 Rf8 32. Rxf8+ Kxf8 33. a8Q+ Bxa8 34. Rxa8+ Kg7 35. Rd8 f6 36. Rxd3 h6 37. Re3 g5 38. fxg5 hxg5 39. Rxe7+ Kg6 40. f4 gxf4 41. gxf4 Kf5 42. Rf7 Kxf4 43. Rxf6+ Kg4 44. Rh6 Kg5 45. Ra6 Kh4 46. Kg2 Kg4 47. Ra4+ Kh5 48. h4 Kh6 49. Kg3 Kh5 50. Ra5+ Kh6 51. h5 Kh7 52. Ra6 Kh8 53. Ra7 Kg8 54. Kg4 Kh8 55. Kg5 Kg8 56. Kf6 Kh8 57. Kg6 Kg8 58. Ra8# 1-0

[Event "SVK-ch U08"]
[Site "Tatralandia"]
[Date "2024.04.07"]
[Round "3"]
[White "Stetina, Simon"]
[Black "Spisiak, Martin"]
[Result "0-1"]
[WhiteElo "1000"]
[BlackElo "1136"]
[PlyCount "86"]
[EventDate "2024.04.05"]
[EventType "swiss"]
[EventRounds "9"]
[EventCountry "SVK"]
[SourceTitle "CBM 219 Extra"]
[Source "ChessBase"]
[SourceDate "2024.05.31"]
[SourceVersion "1"]
[SourceVersionDate "2024.05.31"]
[SourceQuality "1"]

1. d4 d6 2. e4 Nf6 3. Bd3 g6 4. h3 Bg7 5. Nf3 0-0 6. 0-0 h6 7. Nbd2 Nc6 8. d5 Nb4 9. Be2 e5 10. c3 Na6 11. b4 c5 12. b5 Nc7 13. c4 a6 14. a4 axb5 15. cxb5 b6 16. Qc2 Bb7 17. Qc4 Ncxd5 18. exd5 Bxd5 19. Qc2 e4 20. Nh2 Re8 21. Bb2 e3 22. fxe3 Rxe3 23. Rfe1 Rg3 24. Bf3 Bxf3 25. Nhxf3 Ra7 26. Kh2 Nh5 27. Bxg7 Kxg7 28. Rac1 Re7 29. Rxe7 Qxe7 30. Qb2+ f6 31. Qc2 Qe2 32. Rg1 Rxf3 33. Qc1 Rd3 34. Nc4 d5 35. Nxb6 Qe5+ 36. Kh1 Ng3+ 37. Kh2 Ne2+ 38. Kh1 Nxc1 39. Rxc1 Rxh3+ 40. gxh3 Qe4+ 41. Kh2 Qf4+ 42. Kg2 Qxc1 43. a5 Qb2+ 0-1